| 000 | 00535nam a22001697a 4500 | ||
|---|---|---|---|
| 005 | 20251108175118.0 | ||
| 008 | 250721s2013 xx 000 0 ara d | ||
| 082 | 1 | 4 | _a659.2/جرا |
| 100 | 1 | _aالجرايدة، بسام عبد الرحمن | |
| 245 | 1 | 0 | _aإدارة العلاقات العامة / |
| 264 | 1 |
_aعمان : _bدار أسامة للنشر والتوزيع، _c2013. |
|
| 300 | _a352ص. | ||
| 650 | 1 | 7 | _aالادارة العامة |
| 650 | 1 | 7 | _aالعلاقات العامة |
| 942 |
_2ddc _cBK |
||
| 999 |
_c126452 _d126452 |
||